000 01164cam a22003618i 4500
001 20820927
003 JO-AjAnu
005 20241020104605.0
008 190124s2020 nyu b 000 0 eng
010 _a 2019003447
020 _a9780135404676
020 _a0135404673
040 _aDLC
_beng
_erda
_eJO-AjAnu
_cDLC
041 _aeng
042 _apcc
050 0 0 _aQA76.73.P98
_bD45 2020
082 0 0 _a005.13/3
_223
100 1 _aDeitel, Paul J.
_eauthor.
245 1 0 _aIntro to Python for the computer and data sciences : learning to program with AI, big data and the cloud /
_cby Paul Deitel and Harvey Deitel.
250 _a1st edition.
263 _a1906
264 1 _aNew York :
_bPearson Education, Inc.,
_c[2022]
300 _apages cm
336 _atext
_btxt
_2rdacontent
337 _aunmediated
_bn
_2rdamedia
338 _avolume
_bnc
_2rdacarrier
504 _aIncludes bibliographical references.
650 0 _aPython (Computer program language)
700 1 _aDietal, Harvey,
_eauthor.
906 _a7
_bcbc
_corignew
_d1
_eecip
_f20
_gy-gencatlg
942 _2lcc
_cBK
_n0
999 _c33800
_d33800